01568nam a2200385 i 450000100060000000300090000600500170001500800410003204000350007304100130010804600090012108000130013008000090014324502380015224600680039024600530045824601010051126000520061230000340066433600270069833700540072533800280077938000160080738000230082338800140084638800140086065000240087465000300089865000300092865500290095865800280098765800250101570000440104085600980108447198KOSZ 00520210208142344.0961010s1987 pl a f |100 0 pol d cKOSZ005aKOSZ 005dKOSZ 005/HR apolbger k1987 a628.1/.8 a(06) 3aII Ogólnopolska Konferencja Naukowa na temat Kompleksowe i szczegółowe problemy inżynierii środowiska :bzbiór referatów.nZ. 2-ogólny,pProblematyka energetyczna i utylizacji odpadów /c[red. nauk. Tadeusz Piecuch].30aKompleksowe i szczegółowe problemy inżynierii środowiska30aProblematyka energetyczna i utylizacji odpadów15aII Polnische wissenschaftliche Konferenz zum Thema Komplex- und Detailprobleme der Umwelttechnik aCzęstochowa ;aUstronie Morskie :bPC,c1987. a[4], 328 s. :brys. ;c24 cm. 2rdacontentaTekstbtxt 2rdamediaaBez urządzenia pośredniczącegobn 2rdacarrieraWoluminbnc aKsiążki aPublikacje naukowe a1901-2000 a1945-1989 4aSzkody przemysłowe 4aOczyszczalnia ścieków 4aInżynieria środowiska 4aMateriały konferencyjne aInżynieria i technika aOchrona środowiska1 aPiecuch, Tadeuszd(1946-2018)eRedakcja uhttp://koha.tu.koszalin.pl/cgi-bin/koha/opac-detail.pl?biblionumber=47198yKatalog online BPK